| 000 | 00633nam a2200181 i 4500 | ||
|---|---|---|---|
| 001 | 99407 | ||
| 003 | ES-MaACL | ||
| 005 | 20230906182507.0 | ||
| 007 | t| | ||
| 008 | 050908s1910 sp ||||1| spa d | ||
| 080 | _a908(821.1 B.A.)(083.41) | ||
| 100 | 1 |
_aMartínez, Alberto B. _977712 |
|
| 245 | 1 | 0 |
_aBuenos Aires _b: algunos datos estadísticos publicados con motivo del Centenario de la Revolución de Mayo 1810-1910 / _cAlberto B. Martínez. |
| 260 |
_aBarcelona : _bSopena, _c1910. |
||
| 300 |
_a48 p., [1] pleg. de map. : _bil. ; _c16 cm. |
||
| 651 | 4 |
_aBuenos Aires- _vEstadísticas. _9149142 |
|
| 852 |
_aES-MaACL _jT-1252-F-1 |
||
| 999 |
_c99407 _d99407 |
||